| Tag |
First Indicator |
Second Indicator |
Subfields |
| LEADER |
00000cam a2200000Ma 4500 |
| 001 |
in00004540366 |
| 005 |
20190418084909.0 |
| 006 |
m d |
| 007 |
cr cn |||||||| |
| 008 |
151002s2016 nyua ob 001 0 eng d |
| 019 |
|
|
|a 925499198
|a 931590797
|a 932332602
|a 958448592
|
| 020 |
|
|
|a 0826123791
|q (electronic bk.)
|
| 020 |
|
|
|a 9780826123794
|q (electronic bk.)
|
| 020 |
|
|
|z 9780826123749
|
| 020 |
|
|
|z 0826123740
|
| 035 |
|
|
|a (OCoLC)ocn922703801
|
| 035 |
|
|
|a (OCoLC)922703801
|z (OCoLC)925499198
|z (OCoLC)931590797
|z (OCoLC)932332602
|z (OCoLC)958448592
|
| 040 |
|
|
|a IDEBK
|b eng
|e pn
|c IDEBK
|d N$T
|d OCLCF
|d YDXCP
|d EBLCP
|d OPU
|d OCLCQ
|d IDB
|d YDX
|d OCLCO
|d ZCU
|d OCLCO
|d OCLCQ
|d MERUC
|d OCLCO
|d TMV
|d UtOrBLW
|
| 043 |
|
|
|a n-us---
|
| 049 |
|
|
|a TMVM
|
| 050 |
|
4 |
|a LC4031
|
| 060 |
|
4 |
|a W 18
|b G9464 2016eb
|
| 245 |
0 |
4 |
|a The guide to assisting students with disabilities :
|b equal access in health science and professional education /
|c Lisa M. Meeks, Neera R. Jain, editors.
|
| 264 |
|
1 |
|a New York :
|b Springer Publishing Company,
|c [2016]
|
| 264 |
|
4 |
|c ©2016
|
| 300 |
|
|
|a 1 online resource
|
| 336 |
|
|
|a text
|b txt
|2 rdacontent
|
| 337 |
|
|
|a computer
|b c
|2 rdamedia
|
| 338 |
|
|
|a online resource
|b cr
|2 rdacarrier
|
| 500 |
|
|
|a Electronic resource.
|
| 500 |
|
|
|a Description based on opening page (viewed Oct 09, 2017).
|
| 504 |
|
|
|a Includes bibliographical references and index.
|
| 505 |
0 |
|
|a Know your campus resources -- Disability law and the process for determining whether a student has a disability -- The process for determining disability accommodations -- Accommodations in didactic, lab, and clinical settings -- The process of requesting accommodations on certification, licensing, and board exams : assisting students through the application -- Learning in the digital age : assistive technology and electronic access -- Professionalism and communication about disabilities and accommodations -- Problem solving difficult cases -- Debunking myths and addressing legitimate concerns -- Dos and don'ts for working with students with disabilities.
|
| 650 |
|
0 |
|a Students with disabilities
|x Services for.
|0 http://id.loc.gov/authorities/subjects/sh2014001547
|
| 650 |
|
2 |
|a Disabled Persons
|x education.
|0 https://id.nlm.nih.gov/mesh/D006233Q000193
|
| 650 |
|
2 |
|a Students, Health Occupations.
|0 https://id.nlm.nih.gov/mesh/D013336
|
| 650 |
|
2 |
|a Disability Evaluation.
|0 https://id.nlm.nih.gov/mesh/D004185
|
| 650 |
|
2 |
|a Disabled Persons
|x legislation & jurisprudence.
|0 https://id.nlm.nih.gov/mesh/D006233Q000331
|
| 650 |
|
2 |
|a Needs Assessment.
|0 https://id.nlm.nih.gov/mesh/D020380
|
| 650 |
|
2 |
|a Schools, Health Occupations
|x organization & administration.
|0 https://id.nlm.nih.gov/mesh/D012576Q000458
|
| 651 |
|
2 |
|a United States.
|0 https://id.nlm.nih.gov/mesh/D014481
|
| 655 |
|
7 |
|a Ebooks.
|2 local
|
| 655 |
|
7 |
|a Electronic books.
|2 local
|
| 700 |
1 |
|
|a Meeks, Lisa,
|e editor.
|0 http://id.loc.gov/authorities/names/n2014047832
|
| 700 |
1 |
|
|a Jain, Neera R.,
|e editor.
|0 http://id.loc.gov/authorities/names/n2015182634
|
| 710 |
2 |
|
|a ProQuest (Firm)
|0 http://id.loc.gov/authorities/names/n2007068018
|
| 856 |
4 |
0 |
|u http://proxy.library.tamu.edu/login?url=http://ebookcentral.proquest.com/lib/tamum-ebooks/detail.action?docID=4102338
|z Connect to the full text of this electronic book.
|t 0
|
| 999 |
|
|
|a MARS
|
| 999 |
f |
f |
|s 5993d8ad-f220-3b8f-9374-f7f09f54a9f2
|i afa23763-cc43-3819-8a4c-795cc4c6290d
|t 0
|
| 952 |
f |
f |
|a Texas A&M University
|b College Station
|c Electronic Resources
|d Available Online
|t 0
|e W 18 G9464 2016eb
|h National Library of Medicine classification
|
| 998 |
f |
f |
|a W 18 G9464 2016eb
|t 0
|l Available Online
|